000 00715nam a2200253Ia 4500
003 OSt
005 20220927104954.0
006 a|||||r|||| 00| 0
007 ta
008 220926b |||||||| |||| 00| 0 eng d
024 _a159391
037 _cReference Collections
040 _aRTL
_cRTL
_beng
041 _2eng
_aeng
082 _a"W,31 m2, N64, K4.49"
110 _aINDIA
_9352601
245 0 _aRajya sabha parliamentary debates index
_b A report
260 _aNew
_bDelhi Rajya Sabha Secretariat
_c1964
300 _a131p
_ccm.
500 _aAppendix XLIX : 118a
700 _aINDIA
_9352603
942 _h"W,31 m2, N64, K4.49"
_cCC
999 _c689873
_d689873